Ports and rail freight (Record no. 77943)
[ view plain ]
| 000 -LEADER | |
|---|---|
| fixed length control field | 00708cab a2200205 4500 |
| 001 - CONTROL NUMBER | |
| control field | ##L135577 |
| 008 - FIXED-LENGTH DATA ELEMENTS--GENERAL INFORMATION | |
| fixed length control field | 061020n2006 000 0 eng u |
| 035 ## - SYSTEM CONTROL NUMBER | |
| System control number | (Sirsi) u135577 |
| 041 ## - LANGUAGE CODE | |
| Language code of text/sound track or separate title | eng |
| 100 1# - MAIN ENTRY--PERSONAL NAME | |
| Personal name | Heap, Richard |
| 245 00 - TITLE STATEMENT | |
| Title | Ports and rail freight |
| 260 3# - PUBLICATION, DISTRIBUTION, ETC. | |
| Date of publication, distribution, etc. | 2006 |
| 490 #0 - SERIES STATEMENT | |
| Series statement | Property Week |
| Volume/sequential designation | 71(44) 3 November 2006, 113-123(6) |
| 520 ## - SUMMARY, ETC. | |
| Summary, etc. | Looks at: Southampton dock which two years after failing to get planning permission for a new terminal is back with fresh expansion plans and UK marinas which are now so busy they have started hot-desking. |
| 590 ## - LOCAL NOTE (RLIN) | |
| Local note | IKA141106 |
| 651 #4 - SUBJECT ADDED ENTRY--GEOGRAPHIC NAME | |
| Geographic name | United Kingdom |
| Chronological subdivision | |
| 690 ## - LOCAL SUBJECT ADDED ENTRY--TOPICAL TERM (OCLC, RLIN) | |
| Topical term or geographic name as entry element | PROPERTY-INFRASTRUCTURE |
| 700 1# - ADDED ENTRY--PERSONAL NAME | |
| Personal name | Phillips, Mark |
| 942 ## - ADDED ENTRY ELEMENTS (KOHA) | |
| Suppress in OPAC | 0 |
| Withdrawn status | Lost status | Source of classification or shelving scheme | Damaged status | Not for loan | Home library | Current library | Shelving location | Date acquired | Total Checkouts | Full call number | Barcode | Date last seen | Copy number | Price effective from | Koha item type |
|---|---|---|---|---|---|---|---|---|---|---|---|---|---|---|---|
| Dewey Decimal Classification | London | London | Journal article | 09/11/2006 | L135577 | 135577-1001 | 06/08/2019 | 1 | 06/08/2019 | Journal article |